01064 2200325 4500001002100000005001500021035002000036007000300056008004100059020002200100040002200122082001400144084001600158090002200174100003800196245014400234250003500378300003800413650002300451700003900474700003500513850001200548504002800560264003200588336002100620337003000641338002300671999002200694990002200716INLIS00000000089645420250522110906 a0010-0525000700ta250522s2025 yoia g ind d a978-634-01-0004-4 aYOPDYOGbinderda04223a658.5 a658.5 LIF s aCB-D.11 2025-09990 aLifia Citra RamadhantiePengarang1 aSistem produksi :bperencanaan produksi dan pengendalian persediaan /cLifia Citra Ramadhanti, Rakay Edhiargo Toyosito, Abby Yazid Bustommy aCetakan Pertama, Februari 2025 axiv, 82 halaman :btabel ;c23 cm 4aProduksi (ekonomi)0 aRakay Edhiargo Toyositoepengarang0 aAbby Yazid Bustommyepengarang aYOPDYOG aBibliografi: halaman 8231aSleman :bDeepublish,c2025 2rdacontentateks 2rdamediaatanpa perantara 2rdacarrieravolume aCB-D.11/2025-0999 aCB-D.11/2025-0999